Maratón přes divukrásný Jubiläumsgrat

Bibliographic Details
Main Author: Tomanec, Rosťa (Author)
Format: Article
Language:Czech
Subjects:

MARC

LEADER 00000nab a2200000Ia 4500
001 vtls010857822
003 SK-MaSNL
005 20260305012139.0
008 230121|2013 xo |||||||||||||||||cze|
035 |a (urnnbn)urn:nbn:sk:snk:ar-a07nvn 
035 |a urn:nbn:sk:snk-ab6gle 
035 |a (uuid)ad3efee1-984a-4528-b899-5bbce765a1ca 
040 |a SNKBUCL  |b slo  |c SNKBUCL  |e AACR2 
041 0 |a cze 
044 |a xo  |c SK 
080 |a 625.711.6(23.0)  |2 2001 
080 |a (430)  |2 2001 
080 |a 796.52  |2 2001 
100 1 |a Tomanec, Rosťa  |4 aut  |9 1330206 
245 1 0 |a Maratón přes divukrásný Jubiläumsgrat  |c Rosťa Tomanec 
650 0 7 |a ferraty  |2 SNKPH  |9 131364 
650 0 7 |a horolezectvo  |2 SNKPH  |9 1050 
651 7 |a Nemecko  |2 SNKPH  |9 21020 
773 0 |t Horolezec : odborný, metodický a informačný časopis Slovenského horolezeckého spolku JAMES  |g Roč. 45, č. 5 (2013), s. 54-56 
954 |a odborná, vedecká literatúra cudzojazyčná (svetová)  |2 lita 
954 |a odborná, vedecká literatúra pôvodná (slovenská)  |2 lita 
958 |a OND 
958 |a EUIPO 
958 |a article5 
999 |c 3256087  |d 3258017